000 00689nam a2200277Ia 4500
005 20260324115923.0
008 008 260324s9999 xx 000 0 eng d
020 _a9780429156274
037 _aEBOOK
040 _aCRL
040 _beng
040 _cCRL
041 _2eng
041 _aeng
084 _qCRL
100 _aRichard J. Vetter; Magdalena S. Stoeva
_91156514
245 0 _aRadiation Protection in Medical Imaging and Radiation Oncology
260 _bTaylor and Francis
260 _c2016
365 _a
365 _b195
856 _uhttp://www.taylorfrancis.com/books/9780429156274
942 _cEBOOK
999 _c1747755
_d1747755